00848ngm a2200193 i 4500001001100000003000500011005001700016008004100033040002500074245002100099264005000120500024500170700001100415700002900426700004700455942001300502999001900515952012000534C2-0344351PPAK20180727222840.0171231s2017 xxk|||| ||||| | vleng d aPPAKbengcPPAKerda10aFast & furious 8 1aUnited Kingdom : bUniversal Studios , c2017 aSummary : Dom and Letty are enjoying each other in Cuba. One day a mysterious woman appears and suddenly Dom is skipped on the enemy's side. The old team of the team is gathered to chase him, but has Dom really been angry or there are other eauthor1 aGray, F. Gary, ecompile1 aWagner, Christian ; Rubell, Paul, eeditor 2ddccDVD c168091d168091 00102ddc4070bPPAKcGd2018-02-12eTBCBl3o791.4372 MORpA01555444r2019-05-12 00:00:00s2019-05-07v47.20yDVD